[Event "Chigorin Memorial 28th"]
[Site "St Petersburg"]
[Date "2021.10.30"]
[Round "8"]
[White "Klinkov, Evgeny"]
[Black "Kotlyar, Anfisa"]
[Result "1-0"]
[WhiteElo "1726"]
[BlackElo "1232"]
[PlyCount "109"]
[EventDate "2021.10.23"]
[EventType "swiss"]
[EventRounds "9"]
[EventCountry "RUS"]
[SourceTitle "EXT 2023"]
[Source "ChessBase"]
[SourceDate "2022.10.05"]
[SourceVersion "1"]
[SourceVersionDate "2022.10.05"]
[SourceQuality "1"]

1. d4 d5 2. c4 dxc4 3. Nc3 e6 4. Nf3 Nf6 5. Bg5 c6 6. a4 Nbd7 7. e3 Bb4 8. Bxc4 Qa5 9. Bxf6 Bxc3+ 10. bxc3 Qxc3+ 11. Nd2 Nxf6 12. 0-0 0-0 13. Qe2 Rd8 14. Rfc1 Qa5 15. Bd3 Qh5 16. f3 e5 17. Rc5 Rd5 18. Rac1 exd4 19. exd4 Be6 20. a5 Qh6 21. Rb1 Rxd4 22. Rxb7 Nd5 23. g3 Qe3+ 24. Qxe3 Nxe3 25. Rc3 Nd1 26. Ra3 c5 27. Ne4 Bd5 28. Rd7 Bxe4 29. Rxd4 cxd4 30. Bxe4 Rd8 31. Kf1 Nb2 32. Ke2 f6 33. Rb3 Nc4 34. Rb5 Nd6 35. Bd5+ Kf8 36. Rc5 Ke7 37. Kd3 Nf5 38. Ke4 Ne3 39. Kxd4 Nf1 40. Rc2 Ne3 41. Rc7+ Kd6 42. Rc6+ Ke7 43. Re6+ Kd7 44. Rxe3 Rb8 45. Rb3 Rxb3 46. Bxb3 Kd6 47. Bc2 h6 48. Be4 g5 49. g4 Kc7 50. Kc5 Kd7 51. Kb5 Kc7 52. Ka6 Kb8 53. Bf5 Ka8 54. Be4+ Kb8 55. Bb7 1-0

[Event "Chigorin Memorial 28th"]
[Site "St Petersburg"]
[Date "2021.10.27"]
[Round "5"]
[White "Lezin, Aleksandr"]
[Black "Klinkov, Evgeny"]
[Result "1-0"]
[WhiteElo "1477"]
[BlackElo "1726"]
[PlyCount "49"]
[EventDate "2021.10.23"]
[EventType "swiss"]
[EventRounds "9"]
[EventCountry "RUS"]
[SourceTitle "EXT 2023"]
[Source "ChessBase"]
[SourceDate "2022.10.05"]
[SourceVersion "1"]
[SourceVersionDate "2022.10.05"]
[SourceQuality "1"]

1. e4 e6 2. d4 d5 3. Nd2 c5 4. Ngf3 Nc6 5. exd5 Qxd5 6. Bc4 Qd7 7. dxc5 Bxc5 8. Qe2 a6 9. Ne4 Be7 10. Bf4 Nf6 11. Nxf6+ Bxf6 12. Rd1 Qe7 13. Bd6 Qd8 14. 0-0 Bd7 15. Qe4 Be7 16. Be5 0-0 17. Qg4 g6 18. Qh3 Qc8 19. Bc3 f5 20. Rfe1 Nd8 21. Ne5 Be8 22. Qh6 Bf6 23. Rxd8 Qxd8 24. Bxe6+ Kh8 25. Qxf8# 1-0

[Event "St Petersburg Summer op"]
[Site "St Petersburg"]
[Date "2016.08.24"]
[Round "8"]
[White "Klinkov, Evgeny"]
[Black "Grausgruber, Rene"]
[Result "0-1"]
[WhiteElo "1738"]
[BlackElo "2014"]
[PlyCount "100"]
[EventDate "2016.08.17"]
[EventType "swiss"]
[EventRounds "9"]
[EventCountry "RUS"]
[SourceTitle "CBM 174 Extra"]
[Source "ChessBase"]
[SourceDate "2016.10.10"]
[SourceVersion "1"]
[SourceVersionDate "2016.10.10"]
[SourceQuality "1"]

1. d4 Nf6 2. c4 e5 3. dxe5 Ng4 4. Nf3 Nc6 5. e6 fxe6 6. Nc3 Bc5 7. e3 0-0 8. Be2 b6 9. a3 Bb7 10. b4 Be7 11. Bb2 Qe8 12. h3 Nge5 13. Qc2 Qg6 14. Qxg6 Nxg6 15. 0-0-0 d6 16. Nb5 Bd8 17. Rhg1 e5 18. h4 a5 19. Ng5 axb4 20. Ne6 Rxf2 21. Nxd8 Rxd8 22. Bf3 bxa3 23. Bd5+ Kh8 24. Bxa3 Na5 25. Bxb7 Nxb7 26. h5 Ne7 27. Rdf1 Rdf8 28. Rxf2 Rxf2 29. Nxc7 Nf5 30. Nd5 Na5 31. Nxb6 Nb3+ 32. Kb1 Nxe3 33. Bxd6 Nd2+ 34. Kc1 Ndxc4 35. Nxc4 Nxc4 36. Bc5 Ra2 37. Kb1 Rb2+ 38. Kc1 Rb5 39. Rf1 h6 40. Rf8+ Kh7 41. Rc8 Rb7 42. Kc2 Rd7 43. Kc3 Nd2 44. Be3 Ne4+ 45. Kc2 Ng3 46. Rc5 Re7 47. Kd3 Nxh5 48. Ke4 Nf6+ 49. Kf5 Ne8 50. Rxe5 Nd6+ 0-1

[Event "St Petersburg Summer op"]
[Site "St Petersburg"]
[Date "2016.08.18"]
[Round "2"]
[White "Grigoriev, Oleg"]
[Black "Klinkov, Evgeny"]
[Result "1-0"]
[WhiteElo "2033"]
[BlackElo "1738"]
[PlyCount "78"]
[EventDate "2016.08.17"]
[EventType "swiss"]
[EventRounds "9"]
[EventCountry "RUS"]
[SourceTitle "CBM 174 Extra"]
[Source "ChessBase"]
[SourceDate "2016.10.10"]
[SourceVersion "1"]
[SourceVersionDate "2016.10.10"]
[SourceQuality "1"]

1. e4 c5 2. Nf3 d6 3. d4 cxd4 4. Nxd4 Nf6 5. Nc3 g6 6. Be3 Bg7 7. f3 0-0 8. Qd2 Nc6 9. 0-0-0 Bd7 10. h4 Qa5 11. Kb1 Rfc8 12. g4 Ne5 13. h5 Nc4 14. Bxc4 Rxc4 15. hxg6 fxg6 16. Nb3 Qc7 17. g5 Nh5 18. Nd5 Qd8 19. Nb6 Rxc2 20. Qxc2 axb6 21. Qc4+ Kh8 22. Bd4 e5 23. Be3 Ra4 24. Qd5 Bf8 25. Qxb7 b5 26. Nc5 Bc8 27. Qxb5 Ra5 28. Qc6 Nf4 29. Nb7 Bxb7 30. Qxb7 Bg7 31. Bb6 Qa8 32. Qxa8+ Rxa8 33. Rxd6 Bf8 34. Rd7 h5 35. gxh6 Rb8 36. Bc7 Rb5 37. Rd8 Ne6 38. Re8 Nxc7 39. Rxf8+ Kh7 1-0